000 00411pam a2200169 a 4500
020 _cHard Bond
041 _aeng
082 _a628.5
_bRAO/RAO
100 _aRAO M N/ RAO HVN
245 _aAIR POLLUTION
_hTextual Documents
250 _a01-01-2001
260 _bTATA MC GRAW HILL PUB. CO.LTD. NEW DELHI-110 008
300 _a339
500 _a2727
653 _aELEM. OF CIVIL ENGINEERING
930 _a2435
999 _c45660
_d45660